|
|
|
|
| LEADER |
01020nam a22002297a 4500 |
| 001 |
AAL7520 |
| 003 |
BD-DhAAL |
| 005 |
20160131191059.0 |
| 008 |
160131s 2008bd ||||| |||| 00| 0 ben d |
| 020 |
|
|
|a 9844081270
|
| 040 |
|
|
|a BD-DhAAL
|c BD-DhAAL
|
| 082 |
|
|
|a 320.9/549
|
| 245 |
|
|
|a পাকিস্তান আন্দোলন ঐতিহাসিক দলিলপত্র /
|c মূলঃ জি অ্যালানা, অনুবাদঃ কে এম ফিরোজ খান
|
| 250 |
|
|
|a 1st ed.
|
| 260 |
|
|
|a ঢাকা :
|b খান ব্রাদার্স,
|c ২০০৮.
|
| 300 |
|
|
|a ৩৫৯ পৃ. :
|b চিত্র ;
|c ২২ সে.মি.
|
| 541 |
|
|
|e 7520
|
| 651 |
|
|
|a Pakistan
|x History
|x Sources.
|9 17647
|
| 700 |
|
|
|a খান, কে এম ফিরোজ
|9 17648
|
| 942 |
|
|
|2 ddc
|c BK
|
| 999 |
|
|
|c 36728
|d 36728
|
| 952 |
|
|
|0 0
|1 0
|2 ddc
|4 0
|6 320_900000000000000_549_PAK
|7 0
|9 57820
|a SCL
|b SCL
|c GEN
|d 2016-01-31
|g 300.00
|l 1
|o 320.9549 PAK
|p 3020007520
|r 2022-06-21
|s 2022-06-20
|t 1
|w 2016-01-31
|y BK
|